00258pam a2200109 a 4500020000500000041000500005100002700010245006400037250000900101260002900110300000900139 c h aRajesh Gopal,eAuthor. aDynamics Of Tiger Management in PriorityhTextual Documents a1st. a[s.l]:bNatraj Publisher a316.